[Event "Titled Tue 17th Jun Early"]
[Site "chess.com INT"]
[Date "2025.06.17"]
[Round "4"]
[White "Weigand, Anton"]
[Black "Sarkar, Justin"]
[Result "1-0"]
[WhiteTitle "CM"]
[BlackTitle "IM"]
[WhiteElo "2197"]
[BlackElo "2284"]
[WhiteFideId "16221915"]
[BlackFideId "2010011"]
[EventDate "2025.06.17"]

1. e4 e5 2. Bc4 Nf6 3. d4 Nc6 4. Nf3 exd4 5. O-O Be7 6. e5 Ne4 7. Re1 d5 8. exd6
Nxd6 9. Bb3 O-O 10. Nxd4 Nxd4 11. Qxd4 Nf5 12. Qxd8 Rxd8 13. Nc3 Bb4 14. Bf4 c6
15. Rad1 Be6 16. Bxe6 fxe6 17. h3 Kf7 18. Bc7 Rxd1 19. Rxd1 Bxc3 20. bxc3 Ke7
21. g4 Nh4 22. Bd6+ Ke8 23. Bf4 Ng6 24. Bg3 Ne7 25. Rd6 Kf7 26. Rd7 Ke8 27. Rxb7
Rd8 28. Rxe7+ Kxe7 29. Bh4+ Ke8 30. Bxd8 Kxd8 31. Kg2 Kd7 32. Kf3 Kd6 33. Ke4 1-0

[Event "Titled Tue 17th Jun Early"]
[Site "chess.com INT"]
[Date "2025.06.17"]
[Round "4"]
[White "Kovalenko, Igor"]
[Black "Panda, Sambit"]
[Result "1-0"]
[WhiteTitle "GM"]
[BlackTitle "IM"]
[WhiteElo "2676"]
[BlackElo "2379"]
[WhiteFideId "14117908"]
[BlackFideId "25091794"]
[EventDate "2025.06.17"]

1. e4 c6 2. d4 d5 3. e5 Bf5 4. Nd2 e6 5. Ne2 c5 6. h4 h6 7. dxc5 Bxc5 8. Nb3 Bb6
9. Ng3 Bh7 10. Qg4 Kf8 11. Nh5 Bg6 12. Bd3 Nc6 13. Bxg6 Nxe5 14. Qb4+ Ne7 15.
Bd3 a5 16. Qf4 N7c6 17. Qg3 g6 18. Nf4 a4 19. Nd2 Bc7 20. Be2 Nd4 21. Bd1 Nf5
22. Qh3 a3 23. O-O Ra4 24. b4 Kg8 25. c3 Nxh4 26. Bxa4 Qg5 27. Nxe6 fxe6 28.
Qxe6+ Kg7 29. Qh3 Rf8 30. Bd1 Rf4 31. Nb3 Nef3+ 32. Bxf3 Nxf3+ 33. Qxf3 Qh4 34.
Bxf4 1-0

[Event "Titled Tue 17th Jun Early"]
[Site "chess.com INT"]
[Date "2025.06.17"]
[Round "4"]
[White "Cieslak, Patryk"]
[Black "Sakmak, Kutay"]
[Result "0-1"]
[WhiteTitle "FM"]
[BlackTitle "CM"]
[WhiteElo "2442"]
[BlackElo "2158"]
[WhiteFideId "21078882"]
[BlackFideId "44581939"]
[EventDate "2025.06.17"]

1. Nf3 Nf6 2. b3 g6 3. Bb2 Bg7 4. c4 O-O 5. e3 c5 6. Be2 Nc6 7. O-O d6 8. d4
cxd4 9. Nxd4 Bd7 10. Bf3 Rc8 11. Nxc6 Bxc6 12. Nc3 Qd7 13. Nd5 Nxd5 14. Bxg7
Nxe3 15. fxe3 Kxg7 16. Qd4+ Kg8 17. Bg4 f5 18. Be2 b6 19. Rad1 Qe6 20. Qf4 Qe4
21. Qg3 Qe5 22. Rf4 Be4 23. h4 Kg7 24. Rd4 Qc5 25. Qg5 e5 26. Rdxe4 fxe4 27. Rg4
Rf6 28. h5 h6 29. Qh4 Qxe3+ 30. Kh2 g5 0-1

[Event "Titled Tue 17th Jun Early"]
[Site "chess.com INT"]
[Date "2025.06.17"]
[Round "4"]
[White "Saya, Ethan"]
[Black "Sitnic, Adnan"]
[Result "1-0"]
[WhiteTitle "FM"]
[BlackTitle "CM"]
[WhiteElo "2262"]
[BlackElo "2058"]
[WhiteFideId "26095181"]
[BlackFideId "14403854"]
[EventDate "2025.06.17"]

1. e4 Nc6 2. d4 e5 3. dxe5 Nxe5 4. f4 Nc6 5. Be3 Bb4+ 6. Nd2 d6 7. Nf3 Nf6 8. c3
Ba5 9. g3 Bb6 10. Qe2 O-O 11. Bg2 Re8 12. Bxb6 axb6 13. O-O Qe7 14. Rfe1 Bg4 15.
a3 h6 16. h3 Bxf3 17. Qxf3 Ra4 18. Re2 Nd7 19. Rae1 Raa8 20. Nf1 Nc5 21. Ne3 Qd7
22. Nf5 Re6 23. h4 Rae8 24. Nd4 R6e7 25. Kh2 Kh7 26. Bh3 Qd8 27. Nf5 Re6 28. Nd4
R6e7 29. Qg4 g6 30. h5 Rxe4 31. hxg6+ fxg6 32. Rxe4 Rxe4 33. Rxe4 Nxe4 34. f5
Ng5 35. Ne6 Qf6 36. fxg6+ Qxg6 37. Nf8+ Kg7 38. Nxg6 Kxg6 39. Qf5+ Kg7 40. Qd7+
Kg6 41. Bf5+ Kf6 42. g4 Ne5 43. Qd8+ Kg7 44. Qxc7+ Ngf7 45. Be6 Kf6 46. Bxf7
Nxf7 47. Qxb7 Ne5 48. Qxb6 Nxg4+ 49. Kg3 Kg5 50. Qxd6 Nf6 51. Qe5+ Kg6 52. Kh4
h5 53. Qg5+ Kf7 54. Qxh5+ Nxh5 55. Kxh5 Ke6 56. Kg4 Kd5 57. Kf3 Kc4 58. Ke2 Kb3
59. Kd1 Kxb2 60. c4 Kb3 61. c5 Kxa3 62. c6 Kb4 63. c7 Ka5 64. c8=Q 1-0

[Event "Titled Tue 17th Jun Early"]
[Site "chess.com INT"]
[Date "2025.06.17"]
[Round "4"]
[White "Perry, Patrick"]
[Black "Jval Saurin Patel"]
[Result "1-0"]
[BlackTitle "FM"]
[WhiteElo "2296"]
[BlackElo "2331"]
[WhiteFideId "30917727"]
[BlackFideId "25968343"]
[EventDate "2025.06.17"]

1. e4 e6 2. d4 d5 3. Nc3 Nf6 4. e5 Nfd7 5. f4 c5 6. Nf3 Nc6 7. Be3 Be7 8. Qd2
O-O 9. Nd1 f6 10. c3 cxd4 11. cxd4 fxe5 12. fxe5 Nb6 13. Bd3 Nc4 14. Bxc4 dxc4
15. O-O b5 16. a4 b4 17. Nf2 Na5 18. Qc2 Bb7 19. Ne4 h6 20. Rae1 Qd5 21. Ng3 b3
22. Qg6 Bb4 23. Bxh6 Rf7 24. Re4 Nc6 25. Rf4 Raf8 26. Rxf7 Rxf7 27. Nh5 Ne7 28.
Qg5 Nf5 29. Nf6+ Rxf6 30. exf6 Bd6 31. fxg7 Qe4 32. Qd8+ Kh7 33. g8=Q+ Kxh6 34.
Qdg5# 1-0

[Event "Titled Tue 17th Jun Early"]
[Site "chess.com INT"]
[Date "2025.06.17"]
[Round "4"]
[White "Zmijanac, Dusko"]
[Black "Mullodzhanov, Nathaniel"]
[Result "0-1"]
[WhiteTitle "FM"]
[WhiteElo "2007"]
[BlackElo "1927"]
[WhiteFideId "908762"]
[BlackFideId "30961580"]
[EventDate "2025.06.17"]

1. d4 Nf6 2. Bg5 Ne4 3. Bf4 d5 4. Nd2 Nf6 5. e3 g6 6. Bd3 Bg7 7. Ngf3 O-O 8. h3
c5 9. c3 Nc6 10. O-O b6 11. Ne5 Bb7 12. Ndf3 Ne4 13. Nxc6 Bxc6 14. Be5 f6 15.
Bh2 c4 16. Bc2 b5 17. a3 Qd7 18. Nd2 f5 19. f3 Nf6 20. Qe2 Nh5 21. e4 f4 22.
exd5 Bxd5 23. Be4 e6 24. Rae1 Rae8 25. Qd1 Bf6 26. Qc2 Kg7 27. b3 Bh4 28. Re2
Bg3 29. Rb1 Qd6 30. bxc4 bxc4 31. Rb4 Bxh2+ 32. Kxh2 Ng3 33. Re1 Rb8 34. Reb1 a5
35. Rxb8 Rxb8 36. Rxb8 Qxb8 37. Bxd5 exd5 38. Qb1 Qxb1 39. Nxb1 Ne2 40. a4 Kf6
41. h4 h5 42. Kh3 Ke6 43. Kh2 Kd6 44. Kh3 Kd7 45. Kh2 Ke6 46. Kh3 Nc1 47. Na3
Nd3 48. Nb5 Nb2 49. Nc7+ Kd6 50. Ne8+ Kd7 51. Nf6+ Ke6 52. Ne8 Nxa4 53. Nc7+ Kd6
54. Ne8+ Ke7 55. Nc7 Nxc3 56. g3 a4 57. g4 a3 0-1

[Event "Titled Tue 17th Jun Early"]
[Site "chess.com INT"]
[Date "2025.06.17"]
[Round "4"]
[White "Bold, Andre"]
[Black "Panin, Mikhail"]
[Result "1-0"]
[WhiteTitle "CM"]
[BlackTitle "CM"]
[WhiteElo "2235"]
[BlackElo "2255"]
[WhiteFideId "16208471"]
[BlackFideId "34164992"]
[EventDate "2025.06.17"]

1. d4 Nf6 2. Nf3 g6 3. c4 Bg7 4. Nc3 O-O 5. e4 d6 6. g3 c5 7. d5 e6 8. dxe6 Bxe6
9. Ng5 Nc6 10. Nxe6 fxe6 11. Bg2 Nd4 12. O-O e5 13. Nb5 Kh8 14. Nxd4 cxd4 15.
Qd3 Nd7 16. b4 a5 17. Bd2 axb4 18. Bxb4 Nc5 19. Bxc5 dxc5 20. Rfb1 Ra7 21. Rb5
Qc7 22. a4 Rfa8 23. Qb3 Bh6 24. Bh3 Bd2 25. Be6 Kg7 26. Bd5 Bb4 27. Kg2 Kh8 28.
h4 Rb8 29. Qf3 Qe7 30. Qg4 b6 31. h5 Kg7 32. hxg6 hxg6 33. Rh1 Rxa4 34. Qh3 Ra7
35. Qh6+ Kf6 36. f4 Rf8 1-0

[Event "Titled Tue 17th Jun Early"]
[Site "chess.com INT"]
[Date "2025.06.17"]
[Round "4"]
[White "Aranda, Juan Manuel"]
[Black "Alikulov, Elbek"]
[Result "1/2-1/2"]
[WhiteTitle "CM"]
[BlackTitle "IM"]
[WhiteElo "2134"]
[BlackElo "2305"]
[WhiteFideId "160458"]
[BlackFideId "14203308"]
[EventDate "2025.06.17"]

1. Nf3 Nf6 2. g3 g6 3. Bg2 Bg7 4. O-O d6 5. d3 O-O 6. e4 e5 7. Nc3 c6 8. h3 Be6
9. d4 Nbd7 10. d5 cxd5 11. exd5 Bf5 12. Nh4 Nb6 13. Nxf5 gxf5 14. Qf3 Qd7 15. a4
Rac8 16. Qe2 e4 17. a5 Nbxd5 18. Nxd5 Nxd5 19. Rd1 Nb4 20. c3 Nd3 21. Rxd3 exd3
22. Qxd3 Rfe8 23. Bf4 a6 24. Rd1 Re6 25. Kh2 Rce8 26. Qxf5 R6e7 27. Qxd7 Rxd7
28. Rxd6 Rxd6 29. Bxd6 Re2 30. Kg1 Rxb2 31. Bb4 Bf8 32. Bxb7 Bxb4 33. cxb4 Rxb4
34. Bxa6 Ra4 35. Bb7 Rxa5 36. Kg2 Kg7 37. Bf3 Ra2 38. h4 Rb2 39. Bd5 f6 40. Be4
h6 41. Ba8 Kf7 42. Bf3 Ke6 43. Bg4+ Ke5 44. Bf3 Rd2 45. Bc6 Rc2 46. Bb7 Rb2 47.
Bf3 Kd4 48. Bc6 Kd3 49. Kf3 Kd4 50. Kg2 Ke5 51. Bf3 1/2-1/2

[Event "Titled Tue 17th Jun Early"]
[Site "chess.com INT"]
[Date "2025.06.17"]
[Round "4"]
[White "Shevchenko, Yaroslav"]
[Black "Srihari, L"]
[Result "1-0"]
[BlackTitle "IM"]
[WhiteElo "2179"]
[BlackElo "2353"]
[WhiteFideId "34144684"]
[BlackFideId "46642056"]
[EventDate "2025.06.17"]

1. e4 c6 2. d4 d5 3. Nc3 dxe4 4. Nxe4 Nf6 5. Qd3 Nxe4 6. Qxe4 Qd5 7. Qe3 Qe6 8.
Nf3 Qxe3+ 9. Bxe3 Bf5 10. O-O-O Nd7 11. g3 e6 12. Bg2 h6 13. Rhe1 O-O-O 14. c4
Bd6 15. Nh4 Bh7 16. Bd2 Nf6 17. h3 g5 18. Nf3 Ne4 19. Be3 c5 20. Ne5 Rhf8 21.
Bxe4 Bxe4 22. Bxg5 hxg5 23. Rxe4 f5 24. Re2 cxd4 25. Rxd4 Bc7 26. Rxd8+ Kxd8 27.
Nd3 Ke7 28. Nc5 e5 29. Nxb7 Rh8 30. g4 Rxh3 31. gxf5 Rf3 32. Nc5 Rxf5 33. Ne4 1-0

[Event "Titled Tue 17th Jun Early"]
[Site "chess.com INT"]
[Date "2025.06.17"]
[Round "4"]
[White "Stemmler, Fabian"]
[Black "Karas, Marek"]
[Result "0-1"]
[WhiteTitle "CM"]
[BlackTitle "FM"]
[WhiteElo "2190"]
[BlackElo "2215"]
[WhiteFideId "12964808"]
[BlackFideId "14928558"]
[EventDate "2025.06.17"]

1. e4 c5 2. Nf3 Nc6 3. Bb5 g6 4. Bxc6 dxc6 5. d3 Bg7 6. h3 Nf6 7. O-O O-O 8. Be3
b6 9. Nc3 Nd7 10. Qd2 e5 11. Nh2 Re8 12. f4 exf4 13. Rxf4 Nf8 14. Raf1 Be6 15.
Ng4 Nd7 16. R4f2 Bxg4 17. hxg4 Ne5 18. g5 Ng4 19. Rxf7 Nxe3 20. Rxg7+ Kxg7 21.
Qxe3 Qd4 22. Re1 Rad8 23. Kf2 c4 24. Qxd4+ Rxd4 25. Ke3 c5 26. dxc4 Rxc4 27. Rd1
Re7 28. a3 b5 29. Nxb5 Rxc2 30. Rd8 Rxg2 31. Nc3 Rxg5 32. Rc8 Rge5 33. Kd3 h5
34. Nd5 Rf7 35. Rxc5 h4 36. Kd4 Rh5 37. Rc2 h3 38. Rh2 g5 39. Ne3 Rf4 40. Ke5
Kg6 41. Nf5 Rf3 42. Rc2 g4 43. Rc6+ Kg5 44. Rc7 Rxf5+ 45. exf5 h2 46. Rg7+ Kh4
47. Rg6 h1=Q 0-1

[Event "Titled Tue 17th Jun Early"]
[Site "chess.com INT"]
[Date "2025.06.17"]
[Round "4"]
[White "Rizzo, Tobias"]
[Black "Zebracki, Tomasz"]
[Result "0-1"]
[BlackTitle "FM"]
[WhiteElo "1955"]
[BlackElo "2230"]
[WhiteFideId "30942691"]
[BlackFideId "1181521"]
[EventDate "2025.06.17"]

1. d4 d5 2. Bf4 c5 3. e3 Nc6 4. Nc3 cxd4 5. exd4 a6 6. Nf3 Bg4 7. Be2 e6 8. O-O
Bd6 9. Bg3 Bxg3 10. hxg3 Bxf3 11. Bxf3 Qb6 12. Ne2 Qxb2 13. Rb1 Qxa2 14. Rxb7
Nge7 15. Qd3 O-O 16. Rfb1 Rfb8 17. Nc3 Qa5 18. Kh2 Rxb7 19. Rxb7 Nf5 20. Nxd5
Nfxd4 21. Ne7+ Nxe7 22. Qxd4 Nf5 23. Qd7 Rf8 24. Bh5 Nd6 25. Qxd6 Qxh5+ 26. Kg1
a5 27. Rc7 a4 28. Rc5 Qe2 29. Qd4 a3 30. Ra5 Qe1+ 31. Kh2 Qxa5 0-1

[Event "Titled Tue 17th Jun Early"]
[Site "chess.com INT"]
[Date "2025.06.17"]
[Round "4"]
[White "Mamedyarov, Shakhriyar"]
[Black "Dubnevych, Maksym"]
[Result "1-0"]
[WhiteTitle "GM"]
[BlackTitle "FM"]
[WhiteElo "2746"]
[BlackElo "2296"]
[WhiteFideId "13401319"]
[BlackFideId "14184001"]
[EventDate "2025.06.17"]

1. c4 e6 2. Nc3 d5 3. d4 Nf6 4. cxd5 exd5 5. Bg5 Be7 6. e3 O-O 7. Bd3 h6 8. Bf4
c5 9. Nge2 Nc6 10. O-O cxd4 11. Nxd4 Nxd4 12. exd4 Bd6 13. Be5 Ng4 14. Bxd6 Qxd6
15. g3 Bd7 16. Qf3 Nf6 17. Rfe1 Rfe8 18. Bf5 Bxf5 19. Qxf5 g6 20. Qd3 Kg7 21.
Qb5 a6 22. Qd3 Rxe1+ 23. Rxe1 Re8 24. Rxe8 Nxe8 25. Qe3 Nc7 26. f4 b5 27. a3 f6
28. Na2 Qe6 29. Kf2 a5 30. Qc3 Qb6 31. Nc1 Ne6 32. Nb3 a4 33. Nc5 Nxc5 34. dxc5
Qc6 35. Ke3 Qe6+ 36. Kd2 Qc6 37. Kd3 Kf7 38. Kd4 g5 39. Qd3 Kg7 40. Qf5 Qe8 41.
Kxd5 Qe2 42. c6 Qxb2 43. c7 Qd2+ 44. Kc6 Qc3+ 45. Kb7 Qf3+ 46. Kb8 1-0

[Event "Titled Tue 17th Jun Early"]
[Site "chess.com INT"]
[Date "2025.06.17"]
[Round "4"]
[White "Hnatyshyn, Anastasiia"]
[Black "Dragnev, Valentin"]
[Result "0-1"]
[WhiteTitle "WFM"]
[BlackTitle "GM"]
[WhiteElo "2233"]
[BlackElo "2547"]
[WhiteFideId "14198339"]
[BlackFideId "1634852"]
[EventDate "2025.06.17"]

1. Nc3 d5 2. e4 dxe4 3. Nxe4 Nf6 4. Nxf6+ exf6 5. d4 Bd6 6. Be3 O-O 7. Bd3 Re8
8. Ne2 b6 9. c4 Bb7 10. Qc2 Bxg2 11. Rg1 Bb4+ 12. Kd1 Bf3 13. Bxh7+ Kf8 14. Bd3
Nc6 15. d5 Ne5 16. a3 Nxd3 17. Qxd3 Be4 18. Qb3 Bd6 19. Nd4 Qd7 20. Kd2 c5 21.
Ne2 b5 22. Rad1 bxc4 23. Qxc4 Rab8 24. Kc1 Bh7 25. Nc3 Qf5 26. Rd2 Be5 27. Bxc5+
Kg8 28. Bd4 Rec8 29. Qa4 Qb1# 0-1

[Event "Titled Tue 17th Jun Early"]
[Site "chess.com INT"]
[Date "2025.06.17"]
[Round "4"]
[White "Nugumanov, Bakhtiyar"]
[Black "Chaulagain, Purusottam"]
[Result "1-0"]
[WhiteTitle "IM"]
[BlackTitle "CM"]
[WhiteElo "2305"]
[BlackElo "1952"]
[WhiteFideId "13701797"]
[BlackFideId "12300730"]
[EventDate "2025.06.17"]

1. e4 d5 2. exd5 Qxd5 3. Nc3 Qa5 4. d4 Nf6 5. Nf3 Bf5 6. Bc4 e6 7. Ne5 c6 8. g4
Bg6 9. h4 Nbd7 10. h5 Nxe5 11. dxe5 Qxe5+ 12. Be3 Be4 13. O-O Rd8 14. Qe2 Bd5
15. Rad1 Bd6 16. f4 Bxc4 17. fxe5 Bxe2 18. Nxe2 Bxe5 19. Rxd8+ Kxd8 20. g5 Nd5
21. Bxa7 f6 22. Bd4 Bxd4+ 23. Nxd4 Ke7 24. Re1 Nf4 25. gxf6+ gxf6 26. Kf2 Kf7
27. Kf3 e5 28. Nf5 Ke6 29. Nd4+ Kf7 30. Nf5 Rd8 31. Re3 Nxh5 32. Rb3 Rd7 33.
Rxb7 Rxb7 34. Nd6+ Ke6 35. Nxb7 Nf4 36. a4 Nd5 37. a5 Kd7 38. c4 Kc7 39. cxd5
Kxb7 40. d6 c5 41. a6+ Kc6 42. d7 Kxd7 43. a7 1-0

[Event "Titled Tue 17th Jun Early"]
[Site "chess.com INT"]
[Date "2025.06.17"]
[Round "4"]
[White "Lyutsinger, Iren"]
[Black "Grandelius, Nils"]
[Result "0-1"]
[WhiteTitle "FM"]
[BlackTitle "GM"]
[WhiteElo "2261"]
[BlackElo "2643"]
[WhiteFideId "34425969"]
[BlackFideId "1710400"]
[EventDate "2025.06.17"]

1. e4 c5 2. Nf3 d6 3. d4 cxd4 4. Nxd4 Nf6 5. Nc3 h6 6. Bc4 a6 7. Bb3 e6 8. Qe2
Bd7 9. Bd2 Nc6 10. Nxc6 Bxc6 11. O-O-O Qc7 12. f4 O-O-O 13. Kb1 Kb8 14. Rhe1 Be7
15. g4 d5 16. e5 Nd7 17. Be3 g5 18. f5 Bc5 19. Qf2 Bxe3 20. Qxe3 Rde8 21. f6 h5
22. h4 gxh4 23. g5 Reg8 24. Rd4 h3 25. Rh4 Rg6 26. Nd1 Rhg8 27. Rxh5 h2 28. Nf2
d4 29. Qxd4 Rxg5 30. Rxh2 Nxe5 31. Rh3 Nf3 32. Rxf3 Bxf3 33. Nd3 Bc6 34. a4 Rg4
35. Qe3 Re4 36. Qc1 Rxe1 37. Qxe1 Qg3 38. Ka2 Qxe1 39. Nxe1 Rg6 0-1

[Event "Titled Tue 17th Jun Early"]
[Site "chess.com INT"]
[Date "2025.06.17"]
[Round "4"]
[White "Mateus, Martha"]
[Black "Chan, Mark"]
[Result "1-0"]
[WhiteTitle "WIM"]
[BlackTitle "FM"]
[WhiteElo "1972"]
[BlackElo "2179"]
[WhiteFideId "4401549"]
[BlackFideId "5800560"]
[EventDate "2025.06.17"]

1. d4 d5 2. c4 dxc4 3. Nf3 Nf6 4. e3 e6 5. Bxc4 c5 6. O-O a6 7. Nc3 b5 8. Bb3
Bb7 9. Ne5 Be7 10. a4 b4 11. Ne2 Nbd7 12. f4 O-O 13. a5 cxd4 14. exd4 Nd5 15. f5
Nxe5 16. dxe5 Bc5+ 17. Kh1 Qh4 18. Ng3 Rad8 19. Qh5 Qxh5 20. Nxh5 exf5 21. Bg5
Rc8 22. Rad1 Ne3 23. Bxe3 Bxe3 24. Rxf5 Be4 25. Rff1 Bc2 26. Bxc2 Rxc2 27. Rd7
Rxb2 28. e6 fxe6 29. Rxg7+ Kh8 30. Rxf8# 1-0

[Event "Titled Tue 17th Jun Early"]
[Site "chess.com INT"]
[Date "2025.06.17"]
[Round "4"]
[White "Platzgummer, Fabian"]
[Black "Csonka, Balazs"]
[Result "1-0"]
[WhiteTitle "IM"]
[BlackTitle "IM"]
[WhiteElo "2293"]
[BlackElo "2467"]
[WhiteFideId "1617222"]
[BlackFideId "742910"]
[EventDate "2025.06.17"]

1. Nf3 d5 2. g3 g6 3. Bg2 Bg7 4. O-O e5 5. d3 Nc6 6. c4 Nge7 7. cxd5 Nxd5 8. Nc3
Nde7 9. Rb1 a5 10. a3 O-O 11. b4 axb4 12. axb4 h6 13. b5 Nd4 14. Nxd4 exd4 15.
Ne4 Nd5 16. Bb2 Kh7 17. Qb3 Re8 18. Bf3 Ra5 19. Rfc1 f5 20. Nd2 Nc3 21. Bxc3
dxc3 22. Nc4 Be6 23. Rxc3 Bxc3 24. Qxc3 Ra7 25. b6 cxb6 26. Nxb6 Qe7 27. h4 h5
28. Kg2 Qg7 29. Qc5 Qe7 30. Qe3 Bf7 31. Qxe7 Rxe7 32. Nc8 b5 33. Rxb5 Be8 34.
Nxa7 Rxa7 35. Rb7+ Rxb7 36. Bxb7 1-0

[Event "Titled Tue 17th Jun Early"]
[Site "chess.com INT"]
[Date "2025.06.17"]
[Round "4"]
[White "Klys, Kacper"]
[Black "Rogov, Matfey"]
[Result "1-0"]
[WhiteTitle "CM"]
[BlackTitle "FM"]
[WhiteElo "2218"]
[BlackElo "2348"]
[WhiteFideId "21005281"]
[BlackFideId "44191308"]
[EventDate "2025.06.17"]

1. d4 d5 2. Nf3 Nf6 3. Bf4 c5 4. e3 Nc6 5. Nbd2 Bg4 6. h3 Bh5 7. g4 Bg6 8. Bb5
cxd4 9. Ne5 dxe3 10. Nxc6 bxc6 11. Bxc6+ Nd7 12. Bxe3 Rc8 13. Bxd5 e6 14. Bb3
Bc5 15. Qe2 O-O 16. Rc1 Bxe3 17. Qxe3 Rc5 18. O-O Qh4 19. Qg3 Qf6 20. c3 h5 21.
f4 hxg4 22. hxg4 Rd8 23. Nf3 Be4 24. Ng5 Bb7 25. Qh4 Nf8 26. Bc2 g6 27. Rcd1
Rxd1 28. Bxd1 Rd5 29. Bf3 Rb5 30. Bxb7 Rxb7 31. Qf2 Rd7 32. Re1 Rd3 33. Re3 1-0

[Event "Titled Tue 17th Jun Early"]
[Site "chess.com INT"]
[Date "2025.06.17"]
[Round "4"]
[White "Cordeiro, Marco Aurelio Zaror"]
[Black "Mikhalsky, Vladimir"]
[Result "0-1"]
[WhiteElo "2056"]
[BlackElo "2219"]
[WhiteFideId "2117991"]
[BlackFideId "14144352"]
[EventDate "2025.06.17"]

1. e4 g6 2. d4 Bg7 3. Nc3 d6 4. Be3 a6 5. Qd2 b5 6. f4 Nf6 7. Bd3 Bb7 8. e5 Ng4
9. Nf3 Nxe3 10. Qxe3 b4 11. Ne4 Nd7 12. exd6 O-O 13. dxc7 Qxc7 14. O-O Nb6 15.
Nc5 Nd5 16. Qf2 Nxf4 17. Be4 Bxe4 18. Nxe4 Qc6 19. Rae1 Rad8 20. Qd2 e5 21. c3
bxc3 22. bxc3 Rfe8 23. Ng3 Bh6 24. Kh1 Qb5 25. Nxe5 Rxe5 26. Rxe5 Qxe5 27. dxe5
Rxd2 28. Ne4 Rxa2 29. g3 Nd3 30. Nf6+ Kg7 31. Rb1 Nxe5 32. Ne8+ Kf8 33. Nd6 Ke7
34. Nc8+ Kd8 35. Nd6 Kd7 36. Ne4 f5 37. Nc5+ Kc6 38. Ne6 Nf3 0-1

[Event "Titled Tue 17th Jun Early"]
[Site "chess.com INT"]
[Date "2025.06.17"]
[Round "4"]
[White "Chylewski, Patryk"]
[Black "Kourkoulos-Arditis, Stamatis"]
[Result "0-1"]
[WhiteTitle "IM"]
[BlackTitle "GM"]
[WhiteElo "2313"]
[BlackElo "2580"]
[WhiteFideId "1186191"]
[BlackFideId "4221990"]
[EventDate "2025.06.17"]

1. c4 e6 2. Nf3 d5 3. g3 dxc4 4. Bg2 a6 5. O-O Nc6 6. Na3 Bxa3 7. bxa3 e5 8. Qc2
Be6 9. Rd1 f6 10. a4 Nge7 11. Ba3 O-O 12. Rab1 Rb8 13. d3 cxd3 14. Rxd3 Qe8 15.
Rc3 Qg6 16. Qxg6 hxg6 17. Bxe7 Nxe7 18. Rxc7 Nf5 19. Rbxb7 Rxb7 20. Rxb7 e4 21.
Nd2 Rd8 22. Nxe4 Rd1+ 23. Bf1 Nd4 24. Nc3 Rc1 25. Ne4 Bh3 26. Rb8+ Kh7 27. Nd2
Nxe2+ 28. Kh1 Bxf1 29. Nxf1 Rxf1+ 30. Kg2 Ra1 31. Rb6 Rxa2 32. Rxa6 Nd4 33. Ra7
Nb3 34. Ra8 g5 35. h3 Ra3 36. h4 gxh4 37. gxh4 Kg6 38. Kg3 Nc5+ 39. Kg2 Rxa4 40.
Rc8 Ne6 41. Rc3 Rxh4 42. Rg3+ Ng5 43. f4 Rxf4 0-1

[Event "Titled Tue 17th Jun Early"]
[Site "chess.com INT"]
[Date "2025.06.17"]
[Round "4"]
[White "Seder, Mohammed"]
[Black "Yevchenko, Oleksandr"]
[Result "1-0"]
[WhiteTitle "FM"]
[BlackTitle "CM"]
[WhiteElo "2075"]
[BlackElo "2276"]
[WhiteFideId "11505567"]
[BlackFideId "14108267"]
[EventDate "2025.06.17"]

1. d4 Nf6 2. Nc3 d5 3. Bf4 a6 4. e3 b5 5. Nf3 e6 6. Ne5 c5 7. dxc5 Bxc5 8. Bd3
Bb7 9. Qf3 Nbd7 10. a3 Qb6 11. Qg3 g6 12. O-O Nh5 13. Nxd7 Kxd7 14. Qf3 Nxf4 15.
Qxf4 Ke7 16. Qh4+ f6 17. Rfe1 Rae8 18. Rad1 Kf7 19. Ne2 Kg7 20. b4 Bd6 21. e4
Rhf8 22. exd5 exd5 23. Nd4 Be5 24. Nf3 Qc7 25. a4 bxa4 26. b5 axb5 27. Bxb5 Re6
28. Qxa4 Rd8 29. Nd4 Bxh2+ 30. Kh1 Rxe1+ 31. Rxe1 Kh8 32. Ne6 Qc3 33. Nxd8 Qxe1+
34. Kxh2 Qe5+ 35. g3 d4 36. Nf7+ 1-0

[Event "Titled Tue 17th Jun Early"]
[Site "chess.com INT"]
[Date "2025.06.17"]
[Round "4"]
[White "Shogdzhiev, Roman"]
[Black "Krzywda, Andrzej"]
[Result "1-0"]
[WhiteTitle "FM"]
[BlackTitle "CM"]
[WhiteElo "2402"]
[BlackElo "2175"]
[WhiteFideId "55653537"]
[BlackFideId "1114565"]
[EventDate "2025.06.17"]

1. e4 c5 2. Nf3 e6 3. d4 cxd4 4. Nxd4 Nc6 5. Nc3 d6 6. g4 a6 7. Be3 Nge7 8. h4
b5 9. Bg2 Nxd4 10. Bxd4 Nc6 11. Be3 Qc7 12. f4 Bb7 13. Qd2 Na5 14. O-O-O Nc4 15.
Qd3 Rc8 16. Rhe1 Be7 17. g5 Nxe3 18. Rxe3 O-O 19. h5 Rfd8 20. g6 Bf6 21. gxh7+
Kh8 22. h6 gxh6 23. Rh1 Bg7 24. Ne2 f5 25. Ng3 fxe4 26. Bxe4 d5 27. Bg6 Qxf4 28.
Nh5 Qf8 29. Rf1 Qb4 30. Nxg7 Kxg7 31. h8=Q+ Kxh8 32. Rh3 e5 33. Rxh6+ Kg7 34.
Rh7+ Kg8 35. Bf7+ Kf8 36. Be6+ Ke8 37. Qg6# 1-0

[Event "Titled Tue 17th Jun Early"]
[Site "chess.com INT"]
[Date "2025.06.17"]
[Round "4"]
[White "Piesik, Piotr"]
[Black "Tin, Jingyao"]
[Result "0-1"]
[WhiteTitle "IM"]
[BlackTitle "GM"]
[WhiteElo "2436"]
[BlackElo "2583"]
[WhiteFideId "1136194"]
[BlackFideId "5804418"]
[EventDate "2025.06.17"]

1. e4 e5 2. Nf3 Nc6 3. d4 exd4 4. Nxd4 Nf6 5. Nxc6 bxc6 6. e5 Qe7 7. Qe2 Nd5 8.
h4 a5 9. c4 Nb6 10. Rh3 Qe6 11. Nd2 Bb4 12. a3 Bxd2+ 13. Bxd2 Ba6 14. Rc1 O-O
15. h5 h6 16. g4 Rfe8 17. g5 hxg5 18. Rg3 d5 19. Bh3 Qxe5 20. Re3 Nxc4 21. Rxc4
Bxc4 22. Rxe5 Bxe2 23. Rxe2 Rxe2+ 24. Kxe2 f6 25. Bd7 Ra6 26. Be3 Kf7 27. Bc8
Ra8 28. Bb7 Rb8 29. Bxc6 Rxb2+ 30. Kf3 Ke6 31. a4 Rc2 32. Be8 c5 33. Bg6 Rc3 34.
Ke2 d4 35. Bd2 Ra3 36. Be8 Ra2 37. Ke1 Ra1+ 38. Ke2 Ra2 39. Ke1 c4 40. Bxa5 c3
41. Bb5 Ra1+ 42. Ke2 c2 43. Bd2 c1=Q 44. Bxc1 Rxc1 45. a5 Rc5 0-1